000 00757cam a22002533a 4500
001 14615
003 PGUSA
005 20140828083319.0
008 050106s2005||||xxu|||||s|||||000 1 eng d
040 _aPGUSA
_beng
042 _adc
050 4 _aPS
100 1 _aAdams, Nehemiah,
_d1806-1878
245 1 4 _aThe Sable Cloud :
_bA Southern Tale With Northern Comments (1861)
_h[electronic resource] /
_cNehemiah Adams
260 _bProject Gutenberg,
_c2005
506 _aPublic domain in the USA.
516 _aElectronic text
653 _aSlaves -- Fiction
653 _aAfrican Americans -- Fiction
653 _aSouthern States -- Fiction
830 0 _aProject Gutenberg
_v14615
856 4 0 _uhttp://www.gutenberg.org/ebooks/14615
942 _cEB
999 _c243870
_d243870